00564nam a2200193Ia 450000500170000000800410001702000150005808200130007310000260008624500350011226000480014730000130019565000220020865000120023065000120024294200060025495200950026099900150035520250521034814.0240331s9999 xx 000 0 und d a9559580000 a301bSOO aSooriyapperuma, J.R.P 0a21 Wana siyawasata perawadanak aColombobDayawansa Jayakody & Companyc1995 a205 p ., aSocial Philosophy aEconomy aCulture cL 001040708LaWERCLbWERCLcSSCd2024-03-31l0o 301 SOOp3838r2024-03-31w2024-03-31yL c1039d1039